Olympiacos FC 2022-23 Squad - Statistics

General Stats
  • This quiz has been taken 166 times
    92 since last reset
  • The average score is 19 of 31
Answer Stats
# Player % Correct
88 Konstantinos Tzolakis
97%
91 Alexandros Paschalakis
92%
24 Ousseynou Ba
89%
7 Konstantinos Fortounis
87%
11 Youssef El-Arabi
87%
66 Pape Abou Cissé
84%
4 Panagiotis Retsos
81%
94 Cédric Bakambu
80%
19 Georgios Masouras
79%
74 Andreas Ndoj
72%
23 Rodinei
71%
33 In-beom Hwang
69%
15 Sokratis Papastathopoulos
68%
21 Pep Biel
67%
45 Oleg Reabciuk
63%
6 Yann M'Vila
63%
22 Aguibu Camara
59%
17 Marios Vrousai
59%
2 Ramon
55%
14 Athanasios Androutsos
53%
31 Ögmundur Kristinsson
53%
99 Athanasios Papadoudis
52%
28 Mathieu Valbuena
52%
47 Sergi Canós
51%
38 Diadié Samassékou
47%
77 Garry Rodrigues
45%
27 Pajtim Kasami
32%
16 Zymer Bytyqi
21%
30 Konrad de la Fuente
19%
90 Vasilios Sourlis
9%
85 Diby Keita
3%
No matching quizzes found
Score Distribution
Percent of People with Each Score
Percentile by Number Answered
Your Score History
You have not taken this quiz since the last reset